000 00670nam a2200265Ia 4500
005 20260121165606.0
008 008 260114s9999 xx 000 0 eng d
020 _a9789463510622
037 _aEBOOK
040 _aCRL
040 _beng
040 _cCRL
041 _2eng
041 _aeng
084 _qCRL
100 _aRachel McNae, Bronwen Cowie
_91053623
245 0 _aRealising Innovative Partnerships in Educational Research
260 _bSpringer
260 _bSpringer
260 _c2017
856 _uhttps://link.springer.com/openurl?genre=book&isbn=978-94-6351-062-2
942 _cEBOOK
999 _c1619349
_d1619349